Standardy vzdělávání v sociální práci a jejich naplňování v praktickém vzdělávání studentů sociální práce na katedře sociální politiky a sociální práce FSS MU Brno

Základné charakteristiky českých a medzinárodných štandardov vzdelávania sociálnych pracovníkov na bakalárskom stupni vysokých škôl. Praktické vzdelávanie a uplatnenie študentov sociálnej práce v praxi.

Na minha lista:
Detalhes bibliográficos
Autor principal: Punová, Monika
Formato: Capítulo de Livro
Idioma:tcheco
Assuntos:
Tags: Adicionar Tag
Sem tags, seja o primeiro a adicionar uma tag!

MARC

LEADER 00000naa a2200000 4500
001 0166164
005 20230919105436.4
041 0 |a cze 
044 |a CZ 
245 1 0 |a Standardy vzdělávání v sociální práci a jejich naplňování v praktickém vzdělávání studentů sociální práce na katedře sociální politiky a sociální práce FSS MU Brno  |c Monika Punová 
520 |a Základné charakteristiky českých a medzinárodných štandardov vzdelávania sociálnych pracovníkov na bakalárskom stupni vysokých škôl. Praktické vzdelávanie a uplatnenie študentov sociálnej práce v praxi. 
610 2 0 |a Česko 
610 2 0 |a politika vzdelávania 
610 2 0 |a školy vysoké 
610 2 0 |a štúdium vysokoškolské 
610 2 0 |a programy študijné 
610 2 0 |a práca sociálna 
610 2 0 |a škola a prax 
100 1 |a Punová, Monika